Normal view MARC view
  • McGraw-Hill Construction

Entry Corporate Name

Number of records used in: 10

001 - CONTROL NUMBER

  • control field: 5916

003 - CONTROL NUMBER IDENTIFIER

  • control field: SIRSI

005 - DATE AND TIME OF LATEST TRANSACTION

  • control field: 20190806150247.0

008 - FIXED-LENGTH DATA ELEMENTS

  • fixed length control field: 110215n| acannaabn |n ana d

040 ## - CATALOGING SOURCE

  • Original cataloging agency: OSt
  • Transcribing agency: OSt

110 0# - HEADING--CORPORATE NAME

  • Corporate name or jurisdiction name as entry element: McGraw-Hill Construction

670 ## - SOURCE DATA FOUND

  • Source citation: The business value of BIM in Europe, 2010